[Event "CZE-ch U12"]
[Site "Kouty nad Desnou"]
[Date "2024.03.16"]
[Round "9"]
[White "Bara, Jan"]
[Black "Hladky, Mikulas"]
[Result "1/2-1/2"]
[WhiteElo "1852"]
[BlackElo "1798"]
[PlyCount "98"]
[EventDate "2024.03.09"]
[EventType "swiss"]
[EventRounds "9"]
[EventCountry "CZE"]
[SourceTitle "CB12_2024"]
[SourceDate "2023.10.01"]
[SourceVersion "1"]
[SourceVersionDate "2023.10.01"]
[SourceQuality "1"]

1. Nf3 Nf6 2. c4 e6 3. g3 d5 4. Bg2 dxc4 5. Qa4+ Nbd7 6. Qxc4 a6 7. Qc2 c5 8. 0-0 Be7 9. d4 0-0 10. Nc3 cxd4 11. Nxd4 Nb6 12. Rd1 Qc7 13. Ne4 Qxc2 14. Nxc2 Nfd5 15. Be3 Nc4 16. Bd4 Bd7 17. b3 Ncb6 18. Nc5 Bc6 19. e4 Nc3 20. Bxc3 Bxc5 21. Bd4 Bxd4 22. Nxd4 Rfd8 23. Nxc6 bxc6 24. Rxd8+ Rxd8 25. Rc1 Rc8 26. Rc5 Kf8 27. Bf1 Nd7 28. Ra5 Nb8 29. Bxa6 Nxa6 30. Rxa6 Rc7 31. Kf1 c5 32. Ke2 c4 33. bxc4 Rxc4 34. Kd3 Rc7 35. a4 h6 36. h3 Ke7 37. f4 g6 38. g4 Rd7+ 39. Ke3 Rc7 40. h4 Rc3+ 41. Kd4 Rg3 42. Ra7+ Kf8 43. f5 gxf5 44. gxf5 exf5 45. exf5 Kg7 46. Ke5 Rh3 47. Ra8 Rxh4 48. a5 Ra4 49. Ra6 h5 1/2-1/2

[Event "CZE-ch U12"]
[Site "Kouty nad Desnou"]
[Date "2024.03.14"]
[Round "7"]
[White "Bara, Jan"]
[Black "Sudrich, Radek1"]
[Result "1/2-1/2"]
[WhiteElo "1852"]
[BlackElo "1722"]
[PlyCount "142"]
[EventDate "2024.03.09"]
[EventType "swiss"]
[EventRounds "9"]
[EventCountry "CZE"]
[SourceTitle "CB12_2024"]
[SourceDate "2023.10.01"]
[SourceVersion "1"]
[SourceVersionDate "2023.10.01"]
[SourceQuality "1"]

1. c4 g6 2. g3 Bg7 3. Bg2 c5 4. Nc3 Nf6 5. d3 Nc6 6. Rb1 0-0 7. a3 e6 8. Nf3 d5 9. cxd5 Nxd5 10. Bd2 Bd7 11. 0-0 Nce7 12. e4 Nxc3 13. Bxc3 Bb5 14. Bxg7 Kxg7 15. Ne5 Qd4 16. Qb3 Ba6 17. Qc3 Rad8 18. Rfd1 f6 19. Nc4 e5 20. Qxd4 Rxd4 21. b3 Rfd8 22. Bf1 Bxc4 23. bxc4 b6 24. f3 Nc6 25. Kf2 Kf7 26. Be2 R4d6 27. Bf1 Nd4 28. Rd2 Nc6 29. Rdd1 Na5 30. Be2 Rd4 31. Ke1 R8d6 32. Rb2 Rd8 33. Rbb1 Nc6 34. Kf2 Rh8 35. Rh1 h5 36. h4 f5 37. Rbf1 Kf6 38. Kg2 f4 39. g4 Rg8 40. g5+ Ke7 41. Rb1 Rdd8 42. Rhc1 Nd4 43. Kf2 Kd6 44. Rb2 Kc6 45. Rcb1 Rd6 46. Bd1 Rgd8 47. Ba4+ Kc7 48. Bd1 Rf8 49. Be2 Rfd8 50. Bd1 Nc6 51. Bc2 Na5 52. Ke1 Rd4 53. Rd1 Nc6 54. Rdb1 R4d6 55. Kf2 Nd4 56. Bd1 R8d7 57. Rc1 Nc6 58. Bc2 Na5 59. Ke1 Rd8 60. Bb1 Nc6 61. Bc2 Nd4 62. Bd1 Ne6 63. Bc2 Rd4 64. Rcb1 Ng7 65. Rc1 R8d6 66. Rcb1 a6 67. Kf2 Re6 68. Ke2 Rd8 69. Ba4 Red6 70. Bc2 Ne6 71. Kf2 Nd4 1/2-1/2

[Event "CZE-ch U12"]
[Site "Kouty nad Desnou"]
[Date "2024.03.13"]
[Round "6"]
[White "Frantsev, Iegor"]
[Black "Bara, Jan"]
[Result "0-1"]
[WhiteElo "1721"]
[BlackElo "1852"]
[PlyCount "164"]
[EventDate "2024.03.09"]
[EventType "swiss"]
[EventRounds "9"]
[EventCountry "CZE"]
[SourceTitle "CB12_2024"]
[SourceDate "2023.10.01"]
[SourceVersion "1"]
[SourceVersionDate "2023.10.01"]
[SourceQuality "1"]

1. e4 c5 2. Nf3 d6 3. d4 cxd4 4. Nxd4 Nf6 5. Nc3 g6 6. Be3 Bg7 7. f3 0-0 8. Qd2 Nc6 9. 0-0-0 d5 10. exd5 Nxd5 11. Nxc6 bxc6 12. Bd4 Nf6 13. g4 Be6 14. h4 Qa5 15. a3 c5 16. Be5 Rad8 17. Qh2 Rxd1+ 18. Nxd1 c4 19. Bc3 Qb6 20. h5 Bh6+ 21. Bd2 Bxd2+ 22. Qxd2 Rd8 23. Qh2 Qd4 24. Bh3 Nd5 25. hxg6 hxg6 26. Bg2 Qf4+ 27. Qxf4 Nxf4 28. Ne3 c3 29. Bf1 cxb2+ 30. Kxb2 Rb8+ 31. Kc3 Rc8+ 32. Bc4 Nd5+ 33. Kd3 Nxe3 34. Bxe6 fxe6 35. Kxe3 Rxc2 36. Ra1 Kf7 37. Kf4 Rc4+ 38. Ke5 Rc5+ 39. Kf4 Kf6 40. a4 Rc4+ 41. Ke3 Ke5 42. Ra3 Rb4 43. a5 a6 44. Rc3 Rb5 45. Ra3 g5 46. Ra4 Rb3+ 47. Ke2 Kd5 48. Kf2 Rc3 49. Ke2 Rc4 50. Ra3 e5 51. Rd3+ Rd4 52. Ra3 e4 53. Ke3 exf3 54. Kxf3 Rf4+ 55. Kg3 e5 56. Rd3+ Rd4 57. Ra3 Kc5 58. Rf3 Rf4 59. Re3 e4 60. Rc3+ Kb4 61. Rc1 Rf3+ 62. Kg2 Rc3 63. Re1 Rc4 64. Rd1 Kc5 65. Rf1 Kb4 66. Rd1 Kxa5 67. Rd5+ Kb4 68. Rxg5 a5 69. Rg8 a4 70. Rb8+ Kc3 71. Ra8 Kd3 72. g5 Ke2 73. g6 Rc6 74. Rxa4 Rxg6+ 75. Kh2 e3 76. Ra8 Ke1 77. Rc8 Rg5 78. Ra8 e2 79. Kh3 Kf2 80. Ra2 Rg3+ 81. Kh2 Rg6 82. Kh3 Kf1 0-1

[Event "CZE-ch U12"]
[Site "Kouty nad Desnou"]
[Date "2024.03.11"]
[Round "4"]
[White "Zrust, Lukas"]
[Black "Bara, Jan"]
[Result "1-0"]
[WhiteElo "1893"]
[BlackElo "1852"]
[PlyCount "144"]
[EventDate "2024.03.09"]
[EventType "swiss"]
[EventRounds "9"]
[EventCountry "CZE"]
[SourceTitle "CB12_2024"]
[SourceDate "2023.10.01"]
[SourceVersion "1"]
[SourceVersionDate "2023.10.01"]
[SourceQuality "1"]

1. e4 c5 2. d3 g6 3. Be3 d6 4. g3 Bg7 5. c3 Nc6 6. Bg2 Nf6 7. h3 0-0 8. Ne2 Rb8 9. 0-0 b5 10. f4 e5 11. fxe5 Nxe5 12. Na3 b4 13. Nc2 bxc3 14. bxc3 Ba6 15. c4 Rb2 16. Bc1 Rb7 17. Ne3 Qd7 18. Nf4 Nc6 19. Bd2 Ne8 20. Rb1 Rxb1 21. Qxb1 Nc7 22. Nfd5 Nxd5 23. Nxd5 Qb7 24. Qxb7 Bxb7 25. Rb1 Bc8 26. Bf4 Rd8 27. Bg5 Rf8 28. Ne7+ Nxe7 29. Bxe7 Re8 30. Bxd6 Bd4+ 31. Kh2 Re6 32. Bf4 Kg7 33. Rb8 Ba6 34. Ra8 Rb6 35. Rxa7 Rb1 36. g4 Bg1+ 37. Kg3 Bc8 38. Be5+ Kh6 39. Rxf7 g5 40. Rf6+ Kg7 41. Rf1+ Kg6 42. Rxb1 Bd4 43. Rb6+ Kf7 44. Bxd4 cxd4 45. a4 Ke7 46. Rh6 Kd7 47. Rxh7+ Kc6 48. e5+ Kb6 49. c5+ Kxc5 50. Rc7+ Kb4 51. Rxc8 Ka3 52. a5 Kb4 53. a6 Kb3 54. a7 Kb4 55. Rc4+ Kb3 56. Rxd4 Kc3 57. Rd7 Kd2 58. e6 Kd1 59. e7 Kd2 60. d4 Kd3 61. d5 Kd2 62. d6 Kd1 63. Rc7 Kd2 64. d7 Kd3 65. Rc5 Kd2 66. Rxg5 Kd3 67. h4 Kd2 68. h5 Kd1 69. h6 Kd2 70. h7 Kd1 71. Bf3+ Ke1 72. Rc5 Kd2 1-0

[Event "Svetla nad Sazavou Mares Memorial"]
[Site "Svetla nad Sazavou"]
[Date "2023.12.29"]
[Round "4"]
[White "Bara, Jan"]
[Black "Hosticka, Frantisek"]
[Result "0-1"]
[WhiteElo "1760"]
[BlackElo "2032"]
[PlyCount "164"]
[EventDate "2023.12.29"]
[EventType "swiss"]
[EventRounds "9"]
[EventCountry "CZE"]
[SourceTitle "CB02_2024"]
[SourceDate "2024.01.10"]
[SourceVersion "1"]
[SourceVersionDate "2024.01.10"]
[SourceQuality "1"]

1. c4 e5 2. g3 Nf6 3. Bg2 c6 4. Nc3 d5 5. cxd5 cxd5 6. d3 Nc6 7. Nf3 h6 8. 0-0 Be7 9. a3 0-0 10. b4 a6 11. Bb2 e4 12. Nd2 e3 13. fxe3 Ng4 14. Nxd5 Be6 15. Nxe7+ Nxe7 16. Nc4 Bxc4 17. dxc4 Nxe3 18. Qxd8 Raxd8 19. Rf4 Nxg2 20. Kxg2 Rd2 21. Re4 Nf5 22. Bc1 Rd1 23. Bb2 Rd2 24. Bc1 Rc2 25. Bf4 g5 26. Be5 Re8 27. Kf3 f6 28. Bxf6 Rxe4 29. Kxe4 Nd6+ 30. Kf3 Rxc4 31. Rd1 Ne4 32. Be5 Kf7 33. Rd4 Rxd4 34. Bxd4 Nd2+ 35. Kg4 Kg6 36. h4 h5+ 37. Kh3 g4+ 38. Kg2 Kf5 39. a4 b5 40. axb5 axb5 41. Kf2 Ke4 42. Bc3 Nc4 43. Bg7 Ne3 44. Bh6 Nf5 45. Bf8 Nd4 46. Bc5 Nc2 47. Be7 Kd4 48. e3+ Kd3 49. Bc5 Na3 50. Ke1 Nc4 51. Kf2 Nd2 52. Bb6 Ne4+ 53. Kg2 Ke2 54. Ba7 Nc3 55. Bd4 Ne4 56. Ba7 Nf6 57. Bd4 Nd5 58. e4 Nxb4 59. e5 Nd5 60. e6 b4 61. Bg7 b3 62. Bb2 Ne7 63. Ba3 Nc6 64. Bb2 Kd2 65. Kf2 Kc2 66. Bf6 b2 67. Bxb2 Kxb2 68. Ke3 Kc3 69. Ke4 Kd2 70. Kf5 Ke3 71. Kg5 Kf3 72. Kxh5 Kxg3 73. Kg5 Kf3 74. h5 g3 75. h6 g2 76. h7 g1Q+ 77. Kh6 Qh2+ 78. Kg7 Qg3+ 79. Kh8 Qe5+ 80. Kg8 Qxe6+ 81. Kh8 Qf6+ 82. Kg8 Ne7# 0-1

[Event "Svetla nad Sazavou Mares Memorial"]
[Site "Svetla nad Sazavou"]
[Date "2023.12.29"]
[Round "8"]
[White "Bara, Jan"]
[Black "Svoboda, Ivo"]
[Result "1-0"]
[WhiteElo "1760"]
[BlackElo "1841"]
[PlyCount "78"]
[EventDate "2023.12.29"]
[EventType "swiss"]
[EventRounds "9"]
[EventCountry "CZE"]
[SourceTitle "CB02_2024"]
[SourceDate "2024.01.10"]
[SourceVersion "1"]
[SourceVersionDate "2024.01.10"]
[SourceQuality "1"]

1. c4 Nf6 2. g3 g6 3. Bg2 Bg7 4. Nf3 0-0 5. 0-0 c5 6. Nc3 Nc6 7. e3 d6 8. d4 a6 9. dxc5 dxc5 10. Na4 Qc7 11. Qe2 b6 12. Rd1 Bb7 13. Bd2 Rad8 14. Bc3 Nd7 15. Bxg7 Kxg7 16. Rd2 Nf6 17. Rad1 Rxd2 18. Rxd2 Rd8 19. Rxd8 Qxd8 20. Qd2 Qc7 21. Nc3 e6 22. Ng5 h6 23. Nge4 Nxe4 24. Nxe4 e5 25. Qd6 Qxd6 26. Nxd6 Ba8 27. a4 Kf8 28. Nc8 Ke8 29. Nxb6 Bb7 30. Nd5 Na5 31. Nc7+ Kd7 32. Bxb7 Nxb7 33. Nxa6 Kc6 34. b4 cxb4 35. Nxb4+ Kc5 36. Nd3+ Kd6 37. Kf1 e4 38. Nb2 Kc5 39. Ke2 Kb4 1-0

[Event "Svetla nad Sazavou Mares Memorial"]
[Site "Svetla nad Sazavou"]
[Date "2023.12.29"]
[Round "9"]
[White "Kindler, Mikhail"]
[Black "Bara, Jan"]
[Result "0-1"]
[WhiteElo "1938"]
[BlackElo "1760"]
[PlyCount "106"]
[EventDate "2023.12.29"]
[EventType "swiss"]
[EventRounds "9"]
[EventCountry "CZE"]
[SourceTitle "CB02_2024"]
[SourceDate "2024.01.10"]
[SourceVersion "1"]
[SourceVersionDate "2024.01.10"]
[SourceQuality "1"]

1. Nf3 d5 2. e4 dxe4 3. Ng5 e5 4. h4 Be7 5. d3 exd3 6. Bxd3 Nf6 7. Nc3 0-0 8. Be3 Nc6 9. Qd2 h6 10. Nf3 Bb4 11. Bb5 Ne4 12. Qxd8 Rxd8 13. 0-0 Nxc3 14. bxc3 Bxc3 15. Rab1 Nd4 16. Bxd4 exd4 17. Bd3 a6 18. Ne5 b5 19. Be4 Rb8 20. Nc6 Bb7 21. Nxb8 Bxe4 22. Nxa6 Bxc2 23. Nxc7 Bxb1 24. Rxb1 b4 25. Kf1 d3 26. Rd1 Rd7 27. Nb5 d2 28. Ke2 Re7+ 29. Kd3 Re1 30. Kc2 Rxd1 31. Kxd1 Kf8 32. Kc2 Ke7 33. a3 Kd7 34. axb4 Bxb4 35. Nd4 Bc5 36. Nf3 Bxf2 37. Kxd2 Ke6 38. Kd3 Kf5 39. Ke2 Bb6 40. g3 Bc7 41. Kf2 Kg4 42. Nh2+ Kh3 43. Nf1 g5 44. hxg5 hxg5 45. Kf3 g4+ 46. Kf2 f6 47. Ke3 Bxg3 48. Ke4 Be5 49. Nd2 Kg2 50. Kf5 g3 51. Ne4 Kf3 52. Nd2+ Ke2 53. Ne4 g2 0-1

[Event "Klatovy op-B 29th"]
[Site "Klatovy"]
[Date "2023.07.08"]
[Round "8"]
[White "Bara, Jan"]
[Black "Gernert, Tomas"]
[Result "1-0"]
[WhiteElo "1597"]
[BlackElo "1301"]
[PlyCount "83"]
[EventDate "2023.07.01"]
[EventType "swiss"]
[EventRounds "9"]
[EventCountry "CZE"]
[SourceTitle "CBM 215 Extra"]
[Source "ChessBase"]
[SourceDate "2023.09.30"]
[SourceVersion "1"]
[SourceVersionDate "2023.09.30"]
[SourceQuality "1"]

1. c4 e5 2. Nc3 Bc5 3. g3 Nc6 4. Bg2 Nf6 5. d3 0-0 6. Nf3 d6 7. 0-0 Bf5 8. Rb1 e4 9. Ng5 exd3 10. exd3 Ne5 11. Nge4 Bd4 12. Bg5 Re8 13. Nd5 Bxe4 14. dxe4 c5 15. Bxf6 gxf6 16. b3 Kg7 17. Kh1 Qd7 18. h3 f5 19. exf5 Qxf5 20. Nc7 Nd3 21. Nxe8+ Rxe8 22. Qf3 Nxf2+ 23. Kh2 Qc2 24. Rbe1 Rxe1 25. Rxe1 Qxa2 26. Re7 Qc2 27. Qxf7+ Kh6 28. Qf4+ Kg6 29. h4 Bf6 30. Re6 Qf5 31. Qxf5+ Kxf5 32. Rxd6 Bd4 33. Bxb7 Ng4+ 34. Kg2 Ne3+ 35. Kf3 h5 36. Bc8+ Ke5 37. Re6+ Kf5 38. Rxe3+ Kg6 39. Re6+ Kg7 40. g4 hxg4+ 41. Kxg4 a5 42. Kf5 1-0

[Event "Prague Golden op 18th"]
[Site "Prague"]
[Date "2023.06.25"]
[Round "4.1"]
[White "Bara, Jan"]
[Black "Pisar, Tomas"]
[Result "1/2-1/2"]
[WhiteElo "1694"]
[BlackElo "1655"]
[PlyCount "159"]
[EventDate "2023.06.25"]
[EventType "team-swiss"]
[EventRounds "9"]
[EventCountry "CZE"]
[SourceTitle "CBM 214 Extra"]
[Source "ChessBase"]
[SourceDate "2023.07.31"]
[SourceVersion "1"]
[SourceVersionDate "2023.07.31"]
[SourceQuality "1"]
[WhiteTeam "Ddva"]
[BlackTeam "Vitezove"]
[WhiteTeamCountry "CZE"]
[BlackTeamCountry "CZE"]

1. d4 Nf6 2. c4 g6 3. Nc3 d5 4. cxd5 Nxd5 5. e4 Nxc3 6. bxc3 Bg7 7. Rb1 c5 8. Nf3 cxd4 9. cxd4 Qa5+ 10. Qd2 Qxd2+ 11. Bxd2 0-0 12. Bc4 Nd7 13. 0-0 Nb6 14. Bb3 Bg4 15. Be3 Rfd8 16. Rfd1 Rac8 17. h3 Bxf3 18. gxf3 Rc3 19. d5 Nd7 20. Rbc1 Rdc8 21. Ba4 Ne5 22. Rxc3 Rxc3 23. f4 Nc4 24. Bb3 Nxe3 25. fxe3 Rxe3 26. e5 Bh6 27. d6 exd6 28. exd6 Re8 29. Rd4 b5 30. Bd5 Rd8 31. Bc6 Bf8 32. Bxb5 Bxd6 33. Rc4 Kg7 34. Kg2 Rb8 35. a4 Rb6 36. Kf3 Kf6 37. Ke4 Ke6 38. Rc8 f5+ 39. Kd4 Bxf4 40. Re8+ Kf7 41. Rh8 Kg7 42. Ra8 Rb7 43. Kc5 Rc7+ 44. Kd5 Be3 45. Re8 Bb6 46. Re6 Rc5+ 47. Kd6 f4 48. Re7+ Kh6 49. Be2 Rc2 50. Kd5 g5 51. Bg4 Rd2+ 52. Kc6 Rd3 53. Re6+ Kg7 54. Re7+ Kf6 55. Re6+ Kf7 56. Kb5 f3 57. Re1 f2 58. Rf1 Ke7 59. a5 Be3 60. Kc4 Rd2 61. Bf3 Rc2+ 62. Kd3 Rc1 63. Be2 Rxf1 64. Bxf1 Bc5 65. Kc4 Bd6 66. Kd5 h5 67. Ke4 g4 68. hxg4 hxg4 69. Kf5 g3 70. Kg4 Ke6 71. Kf3 Kd5 72. a6 Kd4 73. Bb5 Kc3 74. Bf1 Kd2 75. Bc4 Ke1 76. Kg2 Be5 77. Bb5 Bd6 78. Bc4 Be5 79. Bb5 Bd6 80. Bc4 1/2-1/2

[Event "Prague Golden op 18th"]
[Site "Prague"]
[Date "2023.06.25"]
[Round "9.1"]
[White "Wichs, Jakub"]
[Black "Bara, Jan"]
[Result "0-1"]
[WhiteElo "2074"]
[BlackElo "1694"]
[PlyCount "59"]
[EventDate "2023.06.25"]
[EventType "team-swiss"]
[EventRounds "9"]
[EventCountry "CZE"]
[SourceTitle "CBM 214 Extra"]
[Source "ChessBase"]
[SourceDate "2023.07.31"]
[SourceVersion "1"]
[SourceVersionDate "2023.07.31"]
[SourceQuality "1"]
[WhiteTeam "Nephunc"]
[BlackTeam "Ddva"]
[WhiteTeamCountry "CZE"]
[BlackTeamCountry "CZE"]

1. e4 c5 2. Nf3 d6 3. d4 cxd4 4. Nxd4 Nf6 5. Nc3 g6 6. Be3 Bg7 7. f3 0-0 8. Qd2 Nc6 9. Bc4 Nxd4 10. Bxd4 Be6 11. Bb3 Qa5 12. 0-0-0 b5 13. Kb1 b4 14. Nd5 Bxd5 15. exd5 Qb5 16. h4 a5 17. c4 bxc3 18. Bxc3 a4 19. Bc2 Rfc8 20. h5 Rxc3 21. Qxc3 Nxd5 22. Rxd5 Qxd5 23. Qa3 Rb8 24. hxg6 hxg6 25. Qxa4 Rb7 26. Kc1 Rxb2 27. Rd1 Rb8 28. f4 Bh6 29. g3 Qe5 30. Rd2 0-1

[Event "CZE-ch Amateur"]
[Site "Hluk"]
[Date "2023.05.06"]
[Round "1"]
[White "Bara, Jan"]
[Black "Bombek, Peter"]
[Result "0-1"]
[WhiteElo "1651"]
[BlackElo "2154"]
[PlyCount "90"]
[EventDate "2023.05.06"]
[EventType "swiss"]
[EventRounds "9"]
[EventCountry "CZE"]
[SourceTitle "CBM 214 Extra"]
[Source "ChessBase"]
[SourceDate "2023.07.31"]
[SourceVersion "1"]
[SourceVersionDate "2023.07.31"]
[SourceQuality "1"]

1. d4 Nf6 2. c4 e6 3. Nc3 d5 4. Nf3 Be7 5. Bg5 0-0 6. e3 h6 7. Bh4 b6 8. cxd5 Nxd5 9. Bxe7 Qxe7 10. Nxd5 exd5 11. Be2 Be6 12. 0-0 c5 13. b3 Nd7 14. Bb5 Nf6 15. Ne5 a6 16. Be2 Rfc8 17. Rc1 Rc7 18. a4 Qd6 19. Nd3 c4 20. Nf4 b5 21. axb5 axb5 22. bxc4 dxc4 23. Bf3 Rb8 24. Nxe6 fxe6 25. e4 e5 26. d5 b4 27. Qa4 c3 28. Qb3 Qc5 29. d6+ Rf7 30. d7 Kf8 31. Rfd1 Rxd7 32. Rxd7 Nxd7 33. Qe6 Nf6 34. Bd1 Rb6 35. Qa2 Qd6 36. Bb3 Ra6 37. Qe2 Qd2 38. Qf1 Ra3 39. Bc4 c2 40. g3 Rc3 41. Be6 b3 42. Bxb3 Rxb3 43. Ra1 Rd3 44. f4 Qe3+ 45. Qf2 Rd1+ 0-1

[Event "CZE-ch U12"]
[Site "Teplice"]
[Date "2023.03.17"]
[Round "8"]
[White "Kroulik, Vaclav"]
[Black "Bara, Jan"]
[Result "0-1"]
[WhiteElo "1772"]
[BlackElo "1712"]
[PlyCount "96"]
[EventDate "2023.03.11"]
[EventType "swiss"]
[EventRounds "9"]
[EventCountry "CZE"]
[SourceTitle "CBM 213 Extra"]
[Source "ChessBase"]
[SourceDate "2023.05.31"]
[SourceVersion "1"]
[SourceVersionDate "2023.05.31"]
[SourceQuality "1"]

1. e4 c5 2. Nf3 d6 3. c3 Nf6 4. Be2 g6 5. d3 Bg7 6. 0-0 0-0 7. h3 Nc6 8. Be3 Rb8 9. Nbd2 b5 10. d4 cxd4 11. cxd4 a6 12. d5 Na5 13. Nd4 Bd7 14. Rc1 Rc8 15. f3 Rxc1 16. Qxc1 Qc8 17. b4 Nb7 18. Qa3 Qa8 19. Rc1 e5 20. Nc6 Kh8 21. Na7 Nh5 22. Qxa6 Nf4 23. Bxb5 Bxb5 24. Qxb5 Bh6 25. Bf2 Nc5 26. bxc5 Qxa7 27. Rc2 Rb8 28. c6 Qc7 29. a4 Rxb5 30. axb5 Ne2+ 31. Kh2 Bf4+ 32. g3 Bxg3+ 33. Bxg3 Qb6 34. Rc1 Nxc1 35. Nc4 Qxb5 36. Nxd6 Qe2+ 37. Kg1 Qd1+ 38. Kg2 Qc2+ 39. Kh1 Nd3 40. Nxf7+ Kg7 41. Ng5 Qc1+ 42. Kh2 Qxg5 43. h4 Qd2+ 44. Kh3 h5 45. c7 Qc1 46. d6 Qh1+ 47. Bh2 Qxf3+ 48. Bg3 Nf4+ 0-1

[Event "CZE-ch U12"]
[Site "Teplice"]
[Date "2023.03.11"]
[Round "1"]
[White "Bara, Jan"]
[Black "Maly, Jiri2222"]
[Result "1-0"]
[WhiteElo "1712"]
[BlackElo "1468"]
[PlyCount "77"]
[EventDate "2023.03.11"]
[EventType "swiss"]
[EventRounds "9"]
[EventCountry "CZE"]
[SourceTitle "CBM 213 Extra"]
[Source "ChessBase"]
[SourceDate "2023.05.31"]
[SourceVersion "1"]
[SourceVersionDate "2023.05.31"]
[SourceQuality "1"]

1. e4 e5 2. Nf3 Nc6 3. Nc3 Nf6 4. d4 exd4 5. Nxd4 Nxe4 6. Nxe4 Qe7 7. f3 d5 8. Bb5 Bd7 9. Bxc6 bxc6 10. 0-0 dxe4 11. Re1 0-0-0 12. Rxe4 Qb4 13. Nb3 Bf5 14. Qxd8+ Kxd8 15. Rxb4 Bxb4 16. c3 Bd6 17. Be3 a6 18. Na5 Kd7 19. Rd1 Be6 20. c4 Kc8 21. c5 Be5 22. Nxc6 Bf6 23. b3 Kb7 24. Nb4 a5 25. c6+ Kc8 26. Na6 Rd8 27. Rxd8+ Kxd8 28. Nc5 Bc3 29. Bg5+ Kc8 30. Nxe6 fxe6 31. Kf2 Bd4+ 32. Ke2 Kb8 33. Kd3 Bg1 34. Bf4 Bb6 35. Ke4 Kc8 36. Ke5 Kd8 37. Kxe6 Ke8 38. Be5 g6 39. g4 1-0

[Event "EU-ch Rapid"]
[Site "Katowice"]
[Date "2022.12.17"]
[Round "1"]
[White "Fus, Jakub"]
[Black "Bara, Jan"]
[Result "1-0"]
[WhiteElo "2405"]
[BlackElo "1672"]
[PlyCount "57"]
[EventDate "2022.12.17"]
[EventType "swiss (rapid)"]
[EventRounds "11"]
[EventCountry "POL"]
[SourceTitle "CBM 211 Extra"]
[Source "ChessBase"]
[SourceDate "2023.01.31"]
[SourceVersion "1"]
[SourceVersionDate "2023.01.31"]
[SourceQuality "1"]

1. Nf3 d5 2. e3 g6 3. c4 c6 4. Nc3 Bg7 5. d4 Nf6 6. Be2 0-0 7. 0-0 dxc4 8. Bxc4 b5 9. Bd3 a5 10. h3 Nbd7 11. e4 b4 12. Na4 Ba6 13. Bxa6 Rxa6 14. Qe2 Ra7 15. Bf4 Re8 16. Rac1 Nh5 17. Be3 Rc7 18. Rfd1 Qa8 19. e5 Bf8 20. Ng5 e6 21. Qf3 Re7 22. Ne4 Kh8 23. g4 Ng7 24. Nd6 Kg8 25. Bg5 Nb8 26. Nc5 Qa7 27. Bxe7 Rxe7 28. Nce4 Ne8 29. Nxe8 1-0

[Event "Wch U10"]
[Site "Batumi"]
[Date "2022.09.21"]
[Round "6"]
[White "Tuvshintulga, Tumurchudur"]
[Black "Bara, Jan"]
[Result "0-1"]
[WhiteElo "1364"]
[BlackElo "1592"]
[PlyCount "78"]
[EventDate "2022.09.16"]
[EventType "swiss"]
[EventRounds "11"]
[EventCountry "GEO"]
[SourceTitle "EXT 2023"]
[Source "ChessBase"]
[SourceDate "2022.10.05"]
[SourceVersion "1"]
[SourceVersionDate "2022.10.05"]
[SourceQuality "1"]

1. d4 d5 2. Bf4 e6 3. e3 Bd6 4. Bg3 c5 5. c3 Nc6 6. Nd2 Nge7 7. Ngf3 0-0 8. Bd3 c4 9. Bc2 f5 10. Ne5 Bxe5 11. dxe5 b5 12. f4 Qb6 13. Bf2 Qc7 14. Nf3 b4 15. Nd4 Rb8 16. 0-0 Bd7 17. Kh1 bxc3 18. bxc3 Rb2 19. Rg1 Qa5 20. Be1 Rxa2 21. Rxa2 Qxa2 22. g4 a5 23. Bh4 Nxd4 24. exd4 Ng6 25. Bb1 Qb3 26. Bc2 Qxc3 27. Be1 Qa3 28. gxf5 exf5 29. Rg3 Qe7 30. Qf3 Be6 31. Bxa5 Qa7 32. Bb4 Rb8 33. Bc5 Qa1+ 34. Rg1 Qb2 35. Ba4 Qd2 36. Bd7 Bf7 37. e6 Be8 38. Qxd5 Nxf4 39. Qxf5 Bg6 0-1

[Event "Ricany op 20th"]
[Site "Ricany"]
[Date "2022.09.01"]
[Round "7"]
[White "Bara, Jan"]
[Black "Havelka, Petr"]
[Result "1/2-1/2"]
[WhiteElo "1592"]
[BlackElo "1817"]
[PlyCount "59"]
[EventDate "2022.08.27"]
[EventType "swiss"]
[EventRounds "9"]
[EventCountry "CZE"]
[SourceTitle "CBM 210 Extra"]
[Source "ChessBase"]
[SourceDate "2022.11.30"]
[SourceVersion "1"]
[SourceVersionDate "2022.11.30"]
[SourceQuality "1"]

1. d4 d5 2. c4 e6 3. Nc3 Nf6 4. Nf3 Be7 5. Bg5 Nbd7 6. e3 h6 7. Bh4 b6 8. cxd5 exd5 9. Bb5 0-0 10. Bc6 Rb8 11. Qb3 Ba6 12. Nxd5 Nxd5 13. Qxd5 Bxh4 14. Qxd7 Be7 15. a3 Qxd7 16. Bxd7 c5 17. d5 Bf6 18. 0-0-0 Be2 19. Rd2 Bxf3 20. gxf3 Rfd8 21. Bh3 Rd6 22. f4 Rbd8 23. e4 Bd4 24. Bg2 Rf6 25. f5 Be5 26. Kc2 b5 27. b3 a5 28. Bf1 Rb6 29. h4 Rc8 30. Rg1 1/2-1/2

[Event "CZE-ch U10"]
[Site "Luhacovice"]
[Date "2022.03.16"]
[Round "6"]
[White "Zrust, Lukas"]
[Black "Bara, Jan"]
[Result "1/2-1/2"]
[WhiteElo "1159"]
[BlackElo "1360"]
[PlyCount "83"]
[EventDate "2022.03.12"]
[EventType "swiss"]
[EventRounds "9"]
[EventCountry "CZE"]
[SourceTitle "EXT 2023"]
[Source "ChessBase"]
[SourceDate "2022.10.05"]
[SourceVersion "1"]
[SourceVersionDate "2022.10.05"]
[SourceQuality "1"]

1. e4 c5 2. Nf3 Nc6 3. d4 cxd4 4. Nxd4 g6 5. Nc3 Bg7 6. Be3 d6 7. Bc4 Nf6 8. f3 0-0 9. Qd2 Nxd4 10. Bxd4 Be6 11. Bb3 Qa5 12. 0-0-0 Rac8 13. Kb1 a6 14. Rhe1 Qh5 15. h3 Rfd8 16. Nd5 Nxd5 17. Bxg7 Kxg7 18. exd5 Bd7 19. Rxe7 Qh4 20. Qd4+ Qxd4 21. Rxd4 Re8 22. Rde4 Rxe7 23. Rxe7 Re8 24. Rxe8 Bxe8 25. Kc1 Kf6 26. Kd2 Ke5 27. Ke3 g5 28. g3 Bd7 29. h4 f6 30. c4 h6 31. Bc2 f5 32. f4+ Kf6 33. Kd4 gxh4 34. gxh4 Kf7 35. c5 Ke7 36. a4 a5 37. Bd1 Be8 38. Bf3 Bxa4 39. c6 Kd8 40. cxb7 Kc7 41. Kc4 Bd7 42. b3 1/2-1/2

[Event "CZE-ch U10"]
[Site "Luhacovice"]
[Date "2022.03.15"]
[Round "5"]
[White "Bara, Jan"]
[Black "Sochor, Antonin"]
[Result "1-0"]
[WhiteElo "1360"]
[BlackElo "1666"]
[PlyCount "85"]
[EventDate "2022.03.12"]
[EventType "swiss"]
[EventRounds "9"]
[EventCountry "CZE"]
[SourceTitle "EXT 2023"]
[Source "ChessBase"]
[SourceDate "2022.10.05"]
[SourceVersion "1"]
[SourceVersionDate "2022.10.05"]
[SourceQuality "1"]

1. d4 c5 2. Nf3 Nf6 3. c4 g6 4. Nc3 Bg7 5. e4 cxd4 6. Nxd4 d6 7. Be2 0-0 8. Be3 Nc6 9. f3 a6 10. 0-0 Nxd4 11. Bxd4 e5 12. Be3 Qc7 13. Qd2 Rd8 14. Bg5 Re8 15. Rfd1 Re6 16. Rac1 Qb8 17. Kh1 Ne8 18. Nd5 f6 19. Be3 a5 20. Nb6 Ra6 21. c5 dxc5 22. Nxc8 Rac6 23. Bc4 Qxc8 24. Bxe6+ Qxe6 25. Qxa5 h6 26. Rxc5 Ra6 27. Qd8 Kh7 28. Qd7 Qxa2 29. Qxe8 Qb3 30. Qd7 Ra8 31. Qd3 Qxb2 32. Rb5 Qa2 33. Qb3 Qe2 34. Qd3 Qa2 35. Rxb7 Rg8 36. Rd7 Qa4 37. Rd8 Rxd8 38. Qxd8 Qb3 39. Qd3 Qb4 40. h3 Qb2 41. Rc1 h5 42. Rc7 Qa3 43. Rb7 1-0